000 00755nmm a2200253 a 4500
003 AR-BaBNM
005 20251128202905.0
008 037019s1990 ||||||||||||||000 | spa||
040 _cAR-BaBNM
100 1 _aPorto Bucciarelli, Lucrecia
245 1 0 _aLeopoldo Lugones
_bde parte de los astros : el simbolismo hermético de "Las montañas de oro"
260 _aRoma
_bQuaderni di Filologia e Lingue Romanze
_c1990
300 _a73 p.
_bil.
500 _aContiene referencias bibliográficas en p. 72
650 4 _aLITERATURA ARGENTINA
650 4 _aCRITICA LITERARIA
650 4 _aINVESTIGACION LITERARIA
650 4 _aPOESIA
653 _aSIMBOLISMO
655 _aLITERATURA
700 1 _aLugones, Leopoldo
942 _cBK
998 _cMARTIN
999 _c1071
_d1071